000 01018nam a22002417a 4500
005 20240530110607.0
008 160515s2013 ku g 000 0 ara d
017 _a2013/10/3684
_bالكويت . دائرة المكتبة الوطنية
020 _a9789957172169
040 _aEG-CaGPL
082 0 4 _221
_a371.3\
_bس ت
100 0 _aسمير يونس احمد صلاح .
245 1 2 _aالتدريس العام و تدريس اللغة العربية /
_cتاليف سمير يونس احمد صلاح ، سعد محمد مبارك الرشيدى .
250 _aط.1
260 _aالكويت :
_bمكتبة الفلاح للنشر و التوزيع ،
_c2013 .
300 _a288 ص ؛
_c24 سم .
504 _aببليوجرافية : ص 277 - 285
650 0 4 _aاللغة العربية
_xتعليم و تدريس .
650 0 4 _aالتدريس .
700 0 _aسعد محمد مبارك الرشيدى
_eمؤلف مشارك .
942 _2ddc
_cBK
999 _c62784
_d62784